| 000 | 00409nam a22001577a 4500 | ||
|---|---|---|---|
| 003 | LK-CoDNM | ||
| 005 | 20240814121225.0 | ||
| 008 | 240814b |||||||| |||| 00| 0 eng d | ||
| 040 |
_aLK-CoDNM _dLK-CoDNM _eLK-CoDNM |
||
| 080 |
_a10 _bU17 |
||
| 100 | _aSMITH ELLITO G . | ||
| 245 | _aTUTANKHAMEN | ||
| 260 |
_aLONDON _bGEORAGE ROUTLEDGE & SONS , LTD _c1923 |
||
| 300 | _a133P. : ILL ; 20 CM | ||
| 942 | _cBK | ||
| 999 |
_c147628 _d147628 |
||